| 000 | 01078nam a2200325 i 4500 | ||
|---|---|---|---|
| 001 | bg | ||
| 100 | 1 | _aBIRCH, Paul | |
| 245 | 1 | 0 |
_aTechniki twórczego myślenia w biznesie : _bprzewodnik dla menedżerów / _cPaul Birch i Brian Clegg ; tł. [z ang.] Alina Kopeć. |
| 246 |
_iTyt. oryg.: _aBusiness creativity |
||
| 260 |
_aLublin : _bWydaw. M & A Communications Polska : _bwe współpr. z M & A Communications Canada, _c1996. |
||
| 300 |
_a106, [1] s. ; _c21 cm. |
||
| 490 | 1 | _aPomóż Sam Sobie. Biznes | |
| 500 | _aOryg. : "Business creativity". | ||
| 504 | _aBibliogr. s. [107]. | ||
| 650 | 9 |
_aMyślenie _xzagadnienia |
|
| 650 | 9 | _aPrakseologia | |
| 650 | 9 |
_aPrzedsiębiorstwo _xorganizacja |
|
| 650 | 9 |
_aTwórczość _xzagadnienia |
|
| 655 | _aPoradniki | ||
| 700 | 1 | _aCLEGG, Brian | |
| 700 | 1 |
_aKOPEĆ, Alina. _eTł. |
|
| 830 | 0 |
_aPomóż Sam Sobie. _pBiznes |
|
| 020 | _a8386924071 | ||
| 040 | _cBPK | ||
| 041 | 1 |
_apl _hen |
|
| 080 | _a658.1/.5.011:159.954/.955 | ||
| 920 | _a83-86924-07-1 | ||
| 942 | _cKS | ||
| 008 | s pl f |000 0 pol | ||
| 999 |
_c25115 _d25115 |
||
| 856 |
_uhttp://koha.tu.koszalin.pl/cgi-bin/koha/opac-detail.pl?biblionumber=25115 _yKatalog online BPK |
||